Automatizovaný zber údajov pri kalibrácii senzorov

Saved in:
Bibliographic Details
Main Author: Lukáč, Pavol (Author)
Other Authors: Chovanec, Ľuboš (Thesis advisor)
Format: Manuscript Book
Language:Slovak
Published: Bratislava : STU v Bratislave FEI, 2024
Subjects:
Online Access:https://opac.crzp.sk/?fn=detailBiblioFormChildS1TCHN&sid=9A7D98113A4E7D6F06A871A0EB46&seo=CRZP-detail-kniha
Tags: Add Tag
No Tags, Be the first to tag this record!

MARC

LEADER 00000ntm a22000003a 4500
001 stuzp96466
003 SK-STU
005 20250429143626.5
007 ta
008 150427s2015----xo-----f-mn---000-0-slo-d
040 |a STU  |b slo 
041 0 |a slo 
044 |a xo 
100 1 |a Lukáč, Pavol  |u 031000  |4 aut  |U FEI Fakulta elektrotechniky a informatiky  |T FEI Ústav robotiky a kybernetiky  |X 104263  |U E011  |Y 356  |7 104263 
242 0 1 |a Automated Data Collection for Sensor Calibration  |y eng 
245 1 0 |a Automatizovaný zber údajov pri kalibrácii senzorov 
260 |a Bratislava :  |b STU v Bratislave FEI,  |c 2024 
300 |a 199 s. 
650 4 |a Fiber Bragg Grating technológia  |2 slo 
650 4 |a SQL databáza  |2 slo 
650 4 |a Python  |2 slo 
650 4 |a zber dát  |2 slo 
650 4 |a kalibrácia  |2 slo 
650 4 |a opto-vláknové senzory  |2 slo 
650 4 |a senzorové technológie  |2 slo 
650 4 |a meracie zariadenia  |2 slo 
650 4 |a automatizácia procesov  |2 slo 
650 4 |a GUI  |2 slo 
650 4 |a calibration  |2 eng 
650 4 |a sensor technologies  |2 eng 
650 4 |a Python  |2 eng 
650 4 |a data collection  |2 eng 
650 4 |a optical fiber sensors  |2 eng 
650 4 |a GUI  |2 eng 
650 4 |a measuring devices  |2 eng 
650 4 |a process automation  |2 eng 
650 4 |a Fiber Bragg Grating technology  |2 eng 
650 4 |a SQL database  |2 eng 
700 1 |a Chovanec, Ľuboš  |u 031000  |k Z1  |4 ths  |U FEI Fakulta elektrotechniky a informatiky  |T FEI Ústav robotiky a kybernetiky  |X 16076  |U E011  |Y 356  |7 A000016076 
856 4 |u https://opac.crzp.sk/?fn=detailBiblioFormChildS1TCHN&sid=9A7D98113A4E7D6F06A871A0EB46&seo=CRZP-detail-kniha